|
|
|
|
| LEADER |
01131nam a2200265 a 4500 |
| 001 |
533512 |
| 008 |
100124s1987 coua b 001 0 eng d |
| 010 |
|
|
|a \\\87023138
|
| 020 |
|
|
|a 0813374855 (pbk. : alk. paper)
|
| 040 |
|
|
|a DLC
|c DLC
|d DLC
|d BD-DhAAL
|
| 082 |
0 |
0 |
|a 333.7/0973
|2 19
|
| 245 |
0 |
0 |
|a Social science in natural resource management systems /
|c edited by Marc L. Miller, Richard P. Gale, and Perry J. Brown.
|
| 260 |
|
|
|a Boulder :
|b Westview Press,
|c 1987.
|
| 300 |
|
|
|a xii, 265 p. :
|b ill. ;
|c 23 cm.
|
| 490 |
0 |
|
|a Social behavior and natural resources series
|
| 504 |
|
|
|a Includes bibliographies and index.
|
| 541 |
1 |
|
|e 00004336
|
| 650 |
|
0 |
|a Conservation of natural resources
|x Government policy
|z United States.
|
| 650 |
|
0 |
|a Natural resources
|x Social aspects
|z United States.
|
| 700 |
1 |
|
|a Miller, Marc L.
|
| 700 |
1 |
|
|a Gale, Richard P.
|
| 700 |
1 |
|
|a Brown, Perry J.
|
| 852 |
4 |
|
|a Ayesha Abed Library
|j General shelf
|
| 999 |
|
|
|c 7150
|d 7150
|
| 952 |
|
|
|0 0
|1 0
|2 ddc
|4 0
|6 333_709730000000000_SOC_1987
|7 0
|9 7429
|a BRACUL
|b BRACUL
|c GEN
|d 2010-01-25
|g 0.00
|l 0
|o 333.70973 SOC
|p 3010004336
|r 2010-01-25
|t 1
|w 2010-01-25
|y BK
|z Not price in Register
|